000 00582 a2200181 4500
020 _a0875849105 (alk. paper)
040 _aDLC
_bDLC
082 0 0 _a658.4/21
245 0 0 _aHarvard business review on entrepreneurship
_cHarvard Business Press
246 3 0 _aOn entrepreneurship
260 _aBoston, Mass. :
_bHarvard Business School Press,
_c1999.
300 _av, 217 p. ;
_c21 cm.
440 0 _aHarvard business review paperback series
500 _aIncludes index.
650 0 _aNew business enterprises
_xManagement.
650 0 _aEntrepreneurship.
942 _cBK
_k658.421 HAR
_2ddc
999 _c4683
_d4683